Wzory i Jednostki - Fizyka Klasa 7 - Statystyki

Ogólne statystyki
  • Ten quiz został rozwiązany 140 razy
  • Średni wynik to 7 z 43
Statystyki odpowiedzi
Wielkość Wzór % Poprawnych
Gęstość (d) m/V
79%
Objętość (V) m/d
52%
Masa (m) kg
35%
Czas (t) s
33%
Masa (m) (budowamaterii) d*V
32%
Czas (t) s/v
32%
Moc (P) W
32%
Prędkość (v) m/s
31%
Ciśnienie (p) P
31%
Prędkość (v) s/t
31%
Praca (W), Energia (E), Ciepło (Q) J
30%
Siła (F) N
30%
Temperatura (T) K
29%
Droga (s), Wysokość (h) m
29%
Objętość (V) m^3
26%
Przyspieszenie (a) m/s^2
23%
Powierzchnia (S) m^2
21%
Ciśnienie (p) Fn/S
20%
Gęstość (d) kg/m^3
20%
Droga (s) (ruch jednostajny prostoliniowy) v*t
19%
Powierzchnia (S) Fn/p
15%
Siła ciężkości (Fg) m*g
13%
Siła Nacisku (Fn) S*p
13%
Ciśnienie hydrostatyczne (ph) d*g*h
9%
Moc (P) W/t
9%
Energia potencjalna (Ep) m*g*h
8%
Energia kinetyczna (Ek) m*v^2/2
8%
Praca (W) F*s
7%
Siła wypadkowa (F) (dynamika) m*a
3%
Zasada zachowania energii (constans) Ep+Ek
2%
Masa (m) (dynamika) Fw/a
2%
Przyspieszenie (a) (dynamika) Fw/m
2%
Przyspieszenie (a) vk-vp/t
2%
Prędkość końcowa (vk) a*t
1%
Droga (s) (ruch jednostajnieprzyspieszony) a*t^2/2
1%
Ciepło topnienia (Qt) Q/m
1%
Ciepło właściwe (c) Q/m*T
1%
Prędkość średnia (vśr) sc/tc
1%
Ciepło (Q) c*m*T
0%
Siła wyporu dc*Vc*g
0%
Moc (P) F*v
0%
Ciepło parowania (Qp) Q/m
0%
Zmiana energii wewnętrznej (ΔEw) W+Q
0%
Nie znaleziono quizów pasujących do podanych kryteriów
Rozkład punktacji
Procent ludzi z każdym wynikiem
Percentyl według liczby udzielonych odpowiedzi
Twoja historia wyników
Nie rozwiązałeś tego quizu